=LDR 00000nam 2200000 4500 =001 INLIS000000000026831 =005 20130612125242 =008 ***********************************ind** =035 ##$$0010-061300000026831 =041 ##$$a ind =082 ##$$a F Rom D =090 ##$$a F Rom D, SAR l =100 ##$$a Sarjono, Maria A =245 ##$$a Langit di atas merapi, Maria A. Sardjono =260 ##$$a 1999 $b Jakarta =650 ##$$a Fiksi Dewasa =850 ##$$a NBPNMAT =990 ##$$a 2090101475/BPAP-NTB/2015